[Event "BCF-chT2 0001 (4NCL)"]
[Site "Birmingham"]
[Date "2000.11.26"]
[Round "4.7"]
[White "Ashton, Adam"]
[Black "Elliott, Sean"]
[Result "1-0"]
[WhiteElo "1992"]
[BlackElo "1888"]
[PlyCount "43"]
[EventDate "2000.11.26"]
[EventType "team-tourn"]
[EventRounds "11"]
[EventCountry "ENG"]
[SourceTitle "CBM 079 Extra"]
[Source "ChessBase"]
[SourceDate "2001.01.11"]
[SourceVersion "2"]
[SourceVersionDate "2001.01.25"]
[SourceQuality "1"]
[WhiteTeam "3CS Oldham"]
[BlackTeam "WIT"]
[WhiteTeamCountry "ENG"]
[BlackTeamCountry "ENG"]

1. e4 c5 2. Nf3 d6 3. d4 cxd4 4. Nxd4 Nf6 5. Nc3 a6 6. Bc4 e6 7. Bb3 b5 8. Bg5 Be7 9. Qf3 Qc7 10. e5 Bb7 11. exd6 Bxd6 12. Qe3 0-0 13. 0-0-0 Qe7 14. Nxe6 Re8 15. Nxg7 Qxe3+ 16. fxe3 Kxg7 17. Rxd6 Ng4 18. Rf1 f6 19. Bxf6+ Nxf6 20. Rdxf6 Bc6 21. Rf7+ Kh8 22. Rc7 1-0

[Event "BCF-chT2 9900 (4NCL)"]
[Site "Birmingham"]
[Date "2000.01.23"]
[Round "6.5"]
[White "Elliott, Sean"]
[Black "Morris, Charles F"]
[Result "0-1"]
[WhiteElo "2000"]
[BlackElo "2231"]
[PlyCount "48"]
[EventDate "1999.10.??"]
[EventType "team-tourn"]
[EventRounds "11"]
[EventCountry "ENG"]
[SourceTitle "EXT 2001"]
[Source "ChessBase"]
[SourceDate "2000.11.22"]
[SourceVersion "1"]
[SourceVersionDate "2000.11.22"]
[SourceQuality "1"]
[WhiteTeam "Witney"]
[BlackTeam "SW Dragons"]
[WhiteTeamCountry "ENG"]
[BlackTeamCountry "ENG"]

1. e4 e6 2. d4 d5 3. Nc3 Nf6 4. e5 Nfd7 5. f4 c5 6. Nf3 Nc6 7. Be3 cxd4 8. Nxd4 Bc5 9. Qd2 0-0 10. 0-0-0 a6 11. h4 Qc7 12. Rh3 b5 13. Rg3 Bxd4 14. Bxd4 f5 15. Rg5 Nxd4 16. Qxd4 Nc5 17. Bd3 Qb6 18. Bxf5 exf5 19. e6 Qa7 20. e7 Qxe7 21. Nxd5 Qa7 22. Nf6+ Kh8 23. Qd6 Be6 24. Nh5 Ne4 0-1

[Event "BCF-chT2 9798 (4NCL)"]
[Site "England"]
[Date "1998.01.24"]
[Round "5.6"]
[White "Elliott, Sean"]
[Black "May, Frank"]
[Result "1/2-1/2"]
[WhiteElo "2064"]
[BlackElo "2080"]
[PlyCount "50"]
[EventDate "1997.11.??"]
[EventType "team-tourn"]
[EventRounds "11"]
[EventCountry "ENG"]
[SourceTitle "EXT 1999"]
[Source "ChessBase"]
[SourceDate "1998.11.16"]
[SourceVersion "1"]
[SourceVersionDate "1998.11.16"]
[SourceQuality "1"]
[WhiteTeam "Witney"]
[BlackTeam "Gwent Dragons"]
[WhiteTeamCountry "ENG"]
[BlackTeamCountry "ENG"]

1. e4 e6 2. d4 d5 3. Nc3 Bb4 4. e5 c5 5. a3 Bxc3+ 6. bxc3 Ne7 7. Nf3 Bd7 8. dxc5 Qa5 9. Bd3 Na6 10. 0-0 Nxc5 11. Rb1 Bc6 12. Nd4 Qxc3 13. Rb4 Nxd3 14. cxd3 a5 15. Nb5 Bxb5 16. Rxb5 0-0 17. Rxb7 Ng6 18. d4 Rfb8 19. Rxb8+ Rxb8 20. Qd2 Qc7 21. Bb2 Rb3 22. Rc1 Qb7 23. Rc2 a4 24. Bc1 h6 25. Qa5 Rd3 1/2-1/2